| 000 | 00722nam a2200241Ia 4500 | ||
|---|---|---|---|
| 008 | 191130s2011##################000#0#eng## | ||
| 020 | _a9780495793236 | ||
| 022 | _a2009938857 | ||
| 040 |
_aACL _cACL |
||
| 082 | _a320.15 CUS | ||
| 245 |
_aBeyond sovereignty : issues for a global agenda _cMaryann Cusimano Love [editor] |
||
| 250 | _a4th ed | ||
| 260 |
_aBelmont, CA _bWadsworth/Cengage Learning _cc2011 |
||
| 300 | _aviii, 376 p. ; 24 cm. | ||
| 500 | _aIncludes bibliographical references | ||
| 650 | _aGlobalization | ||
| 650 | _aInternational cooperation | ||
| 650 | _aSovereignty | ||
| 700 | _aCusimano, Maryann K | ||
| 990 | _ab6ec95a6ac10000c26a89fe59dfdad87 | ||
| 991 | _a350435 | ||
| 999 |
_c114995 _d114995 |
||